| 000 | 00745nam a2200265Ia 4500 | ||
|---|---|---|---|
| 003 | OSt | ||
| 005 | 20221006144138.0 | ||
| 006 | a|||||r|||| 00| 0 | ||
| 007 | ta | ||
| 008 | 221006b |||||||| |||| 00| 0 eng d | ||
| 020 |
_a9780804721738 _c£32.50 |
||
| 024 | _a10,989 | ||
| 037 | _cTextual | ||
| 040 |
_aEASL _cEASL _beng |
||
| 041 |
_2eng _aeng |
||
| 082 | _aQ8412, N4 | ||
| 100 |
_aChow Kai-wing _9650955 |
||
| 245 | 0 |
_aRise of confucian ritualism in late imperial China _b Ethics, Classics, and Lineage Discourse |
|
| 260 |
_aStanford _bStanford University Press _c1994 |
||
| 300 |
_a344p. _ccm. |
||
| 490 | _v CEL | ||
| 650 | _aCEL | ||
| 942 |
_hQ8412, N4 _cTEXL _2CC |
||
| 999 |
_c1079075 _d1079075 |
||